Progresívne technológie výroby odlievaných rezných nástrojov : Súbor prác s komentárom. Habilitačná práca

Gespeichert in:
Bibliographische Detailangaben
1. Verfasser: Chaus, Alexander 1954- (Verfasst von)
Format: Buch
Sprache:Slowakisch
Russisch
Englisch
Veröffentlicht: Trnava : STU v Bratislave MTF, 2004
Schlagworte:
Tags: Tag hinzufügen
Keine Tags, Fügen Sie das erste Tag hinzu!

MARC

LEADER 00000nam a22000003a 4500
001 stu102483
005 20150617225826.2
008 060110s2004----xo------------------slo-d
040 |a STU  |b slo 
041 0 |a slo  |a rus  |a eng 
044 |a xo 
100 1 |a Chaus, Alexander  |d 1954-  |4 aut  |u M3000  |9 100  |U MTF Materiálovotechnologická fakulta  |T MTF Ústav výrobných technológií  |X 4162  |U M3000  |Y 83  |7 A000004162 
245 1 |a Progresívne technológie výroby odlievaných rezných nástrojov :  |b Súbor prác s komentárom. Habilitačná práca 
260 |a Trnava :  |b STU v Bratislave MTF,  |c 2004 
300 |a 252 s 
650 7 |a odlievané rezné nástroje  |2 stusub 
996 |b 284M063981  |c M*HP-25  |l MMSKP  |s A  |a 24  |w stu102483_0001